Cuphead all Weapons, Charms, and Supers - Statistics

General Stats
  • This quiz has been taken 107 times
    105 since last reset
  • The average score is 10 of 29
Answer Stats
Hint Answer % Correct
EX: Mega Blast Peashooter
95%
EX: Chomper Missile Peashooter (Plane)
95%
EX: Kablooey Lobber
86%
EX: Chaos Orbit Chaser
79%
EX: Eight Way Spread
79%
EX: Jumbo Rebound Roundabout
78%
EX: Radial Barrage Charge
74%
"You will not take damage during a dash. A great defense maneuver." Smoke Bomb
52%
"Super meter continuously fills -- in addition to what you earn." Coffee
51%
Super Art 2 Invincibility
48%
"Adds an additional hit point but lightly weakens your attack power." Heart
42%
"Your first parry move doubles as a damaging axe attack." Whetstone
42%
"The first parry move is automatic — all you need to do is jump." P. Sugar
40%
"Adds two additional hit points but weakens your attack power." Twin Heart
37%
Super Art 1 Energy Beam
18%
Super Art 3 Giant Ghost
15%
EX: Magnet Mine/Missile Mini-Bomb
15%
(Unused) (EX has no name) Arc
5%
EX: Risky Burst (Unused) Ranger
4%
Unused Arcade Level Arcade Peashot
1%
"Increases super meter and extends hit invulnerablity after taking damage." Pit Saver
1%
EX: Beam Flash (Does nothing) (Unused) Triple Laser
1%
(Unused) (EX has no name) M. Fang
0%
(Unused) (EX has no name) Plane Laser
0%
Mini Plane Shrink Fire
0%
??? Star Gun
0%
Unused Super Art Straw
0%
Aeroplane Super Super Bomb Morph
0%
Mentioned in the code Turret
0%
No matching quizzes found
Score Distribution
Percent of People with Each Score
Percentile by Number Answered
Your Score History
You have not taken this quiz since the last reset